书目信息 |
| 题名: |
固定消防设施
|
|
| 作者: | 徐方 主编 | |
| 分册: | ||
| 出版信息: | 天津 天津大学出版社 2024.08 |
|
| 页数: | 280页 | |
| 开本: | 26cm | |
| 丛书名: | ||
| 单 册: | ||
| 中图分类: | TU998.13 | |
| 科图分类: | ||
| 主题词: | 消防设备--xiao fang she bei | |
| 电子资源: | ||
| ISBN: | 978-7-5618-7811-8 | |
| 000 | 01021nam0 2200241 450 | |
| 001 | 90099 | |
| 005 | 20250815110306.48 | |
| 010 | @a978-7-5618-7811-8@dCNY65.00 | |
| 100 | @a20241031d2024 em y0chiy50 ea | |
| 101 | 0 | @achi |
| 102 | @aCN@b120000 | |
| 105 | @aak a 000yy | |
| 106 | @ar | |
| 200 | 1 | @a固定消防设施@Agu ding xiao fang she shi@f徐方主编 |
| 210 | @a天津@c天津大学出版社@d2024.08 | |
| 215 | @a280页@c图@d26cm | |
| 320 | @a有书目 (第279-280页) | |
| 330 | @a本书系统地介绍了灭火救援涉及的所有固定消防设施, 包括灭火救援设施、火灾自动报警系统、安全疏散设施、消防给水基础设施、消火栓系统、自动灭火系统、消防炮灭火系统、消防控制室及简易灭火器材。在介绍各类固定消防设施类型、组成、工作原理的基础上, 内容侧重设施的应用, 兼顾设置与维护。本书是为满足该课程的教学需求, 吸收国内外最新的消防科技成果, 结合国家最新消防技术规范进行编写。 | |
| 606 | 0 | @a消防设备@Axiao fang she bei |
| 690 | @aTU998.13@v5 | |
| 701 | 0 | @a徐方@Axu fang@4主编 |
| 801 | 0 | @aCN@c20250909 |
| 905 | @a河南城建学院图书馆@dTU998.13@eX702@f1 | |
| 固定消防设施/徐方主编.-天津:天津大学出版社,2024.08 |
| 280页:图;26cm |
| ISBN 978-7-5618-7811-8:CNY65.00 |
| 本书系统地介绍了灭火救援涉及的所有固定消防设施, 包括灭火救援设施、火灾自动报警系统、安全疏散设施、消防给水基础设施、消火栓系统、自动灭火系统、消防炮灭火系统、消防控制室及简易灭火器材。在介绍各类固定消防设施类型、组成、工作原理的基础上, 内容侧重设施的应用, 兼顾设置与维护。本书是为满足该课程的教学需求, 吸收国内外最新的消防科技成果, 结合国家最新消防技术规范进行编写。 |
| ● |
| 相关链接 |
|
|
|
正题名:固定消防设施
索取号:TU998.13/X702
 
预约/预借
| 序号 | 登录号 | 条形码 | 馆藏地/架位号 | 状态 | 备注 |
| 1 | 1624061 | 216240618 | 建筑库201/201建筑库 142排2列1层/ [索取号:TU998.13/X702] | 在馆 |